ბათუმის შოთა რუსთაველის სახელმწიფო უნივერსიტეტის ბიბლიოთეკა

jml : Journal of Modern Literature / (ბიბ.ჩანაწერი № 56949)

000 -LEADER
fixed length control field 01011nam a22002297a 4500
005 - DATE AND TIME OF LATEST TRANSACTION
control field 20210416181532.0
008 - FIXED-LENGTH DATA ELEMENTS--GENERAL INFORMATION
fixed length control field 190711c2019 en ||||| |||| 00| 0 eng d
020 ## - INTERNATIONAL STANDARD BOOK NUMBER
International Standard Book Number 0022281X
040 ## - CATALOGING SOURCE
Original cataloging agency eng
245 ## - TITLE STATEMENT
Title jml : Journal of Modern Literature /
Statement of responsibility, etc. Editors: Robert L. Caserio, Paula Marantz Cohen, Janet Lyon, Daniel T. O'Hara, Jean-Michel Rabaté and Jennifer Yusin.
264 ## - PRODUCTION, PUBLICATION, DISTRIBUTION, MANUFACTURE, AND COPYRIGHT NOTICE
Place of production, publication, distribution, manufacture USA :
Name of producer, publisher, distributor, manufacturer Indiana University Press,
Date of production, publication, distribution, manufacture, or copyright notice 2020.
300 ## - PHYSICAL DESCRIPTION
Extent V.
653 ## - INDEX TERM--UNCONTROLLED
keyword Journal of Modern Literature
653 ## - INDEX TERM--UNCONTROLLED
keyword თანამედროვე ლიტერატურის ჟურნალი
653 ## - INDEX TERM--UNCONTROLLED
keyword პერიოდიკა
700 ## - ADDED ENTRY--PERSONAL NAME
Personal name Caserio, Robert L
Relator term რედაქტორი
9 (RLIN) 3213
700 ## - ADDED ENTRY--PERSONAL NAME
Personal name Cohen, Paula Marantz
Relator term რედაქტორი
9 (RLIN) 3214
700 ## - ADDED ENTRY--PERSONAL NAME
Personal name Janet Lyon, Daniel T
Relator term რედაქტორი
9 (RLIN) 3215
700 ## - ADDED ENTRY--PERSONAL NAME
Personal name O'Hara, Jean-Michel Rabaté
Relator term რედაქტორი
9 (RLIN) 3216
700 ## - ADDED ENTRY--PERSONAL NAME
Personal name Yusin, Jennifer
Relator term რედაქტორი
9 (RLIN) 3217
942 ## - ADDED ENTRY ELEMENTS (KOHA)
Source of classification or shelving scheme
Koha item type პერიოდიკა
ეგზემპლარები
Withdrawn status Lost status Source of classification or shelving scheme Damaged status Not for loan Permanent Location Current Location Shelving location Date acquired Serial Enumeration / chronology Barcode Date last seen Copy number Price effective from Koha item type
        შიდა ფონდი ბათუმის შოთა რუსთაველის სახელმწიფო უნივერსიტეტის მთავარი ბიბლიოთეკა ბათუმის შოთა რუსთაველის სახელმწიფო უნივერსიტეტის მთავარი ბიბლიოთეკა წიგნსაცავი 2021-04-16 Volume 43, Number (3), (2020) 80758 2021-04-16 87588 2021-04-16 პერიოდიკა
        შიდა ფონდი ბათუმის შოთა რუსთაველის სახელმწიფო უნივერსიტეტის მთავარი ბიბლიოთეკა ბათუმის შოთა რუსთაველის სახელმწიფო უნივერსიტეტის მთავარი ბიბლიოთეკა წიგნსაცავი 2021-04-16 Volume 43, Number (2), (2020) 80755 2021-04-16 80755 2021-04-16 პერიოდიკა
        შიდა ფონდი ბათუმის შოთა რუსთაველის სახელმწიფო უნივერსიტეტის მთავარი ბიბლიოთეკა ბათუმის შოთა რუსთაველის სახელმწიფო უნივერსიტეტის მთავარი ბიბლიოთეკა წიგნსაცავი 2021-04-16 Volume 44, Number (1), (2020) 80756 2021-04-16 80756 2021-04-16 პერიოდიკა
        შიდა ფონდი ბათუმის შოთა რუსთაველის სახელმწიფო უნივერსიტეტის მთავარი ბიბლიოთეკა ბათუმის შოთა რუსთაველის სახელმწიფო უნივერსიტეტის მთავარი ბიბლიოთეკა წიგნსაცავი 2021-04-16 Volume 43, Number (4), (2020) 80757 2021-04-16 80757 2021-04-16 პერიოდიკა